| 000 | 00386 a2200169 4500 | ||
|---|---|---|---|
| 001 | 182734 | ||
| 020 | _a85-85466-96-0 | ||
| 040 | _cMagnum | ||
| 100 | _aGaarder, Jostein | ||
| 240 | 1 | 0 |
_aEi! tem alguém aí? _lpor |
| 245 | 1 | 0 | _aEi! tem alguém aí? |
| 300 | _a126 | ||
| 362 | 0 | _a1997 | |
| 440 | 1 | _aCompanhia das Letrinhas | |
| 697 | _aLITERATURA GERAL ESTRANGEIRA | ||
| 942 | _cBK | ||
| 999 |
_c182734 _d182734 |
||